Modálne vlastnosti brzdových systémov automobilov

Salvato in:
Dettagli Bibliografici
Autore principale: Králik, Tibor (Autore)
Altri autori: Magdolen, Ľuboš (Relatore della tesi)
Natura: Manoscritto Libro
Lingua:slovacco
Pubblicazione: 2020
Soggetti:
Accesso online:http://is.stuba.sk/zp/portal_zp.pl?podrobnosti=150580
Tags: Aggiungi Tag
Nessun Tag, puoi essere il primo ad aggiungerne!!

MARC

LEADER 00000ntm a22000003a 4500
001 stuzp81474
003 SK-STU
005 20200711211216.5
007 ta
008 150427s2015----xo-----f-mn---000-0-slo-d
040 |a STU  |b slo 
041 0 |a slo 
100 1 |a Králik, Tibor  |u 020030  |k Z4  |4 aut  |U SjF Strojnícka fakulta  |T SjF Ústav dopravnej techniky a konštruovania  |X 81406  |U J0030  |Y 806  |7 81406 
242 0 1 |a Modal properties of car brake systems  |y eng 
245 1 0 |a Modálne vlastnosti brzdových systémov automobilov 
260 |c 2020 
650 4 |a Damping-loss factor  |2 eng 
650 4 |a Shim  |2 eng 
650 4 |a Mode  |2 eng 
650 4 |a Damping  |2 eng 
650 4 |a Brake system  |2 eng 
650 4 |a Frequency  |2 eng 
650 4 |a Damping-loss factor  |2 slo 
650 4 |a Tlmenie  |2 slo 
650 4 |a Brzdový systém  |2 slo 
650 4 |a Shim  |2 slo 
650 4 |a Mód  |2 slo 
650 4 |a Frekvencia  |2 slo 
700 1 |a Magdolen, Ľuboš  |u 020030  |k Z1  |4 ths  |U SjF Strojnícka fakulta  |T SjF Ústav dopravnej techniky a konštruovania  |X 2362  |U J0030  |Y 806  |7 A00002362 
856 4 |u http://is.stuba.sk/zp/portal_zp.pl?podrobnosti=150580